[Event "BL2-Nord 1617"]
[Site "Germany"]
[Date "2017.02.05"]
[Round "5.4"]
[White "Neumeier, Lars"]
[Black "Balcerak, Philipp"]
[Result "0-1"]
[WhiteElo "2348"]
[BlackElo "2372"]
[PlyCount "76"]
[EventDate "2016.10.16"]
[EventType "team-tourn"]
[EventRounds "9"]
[EventCountry "GER"]
[SourceTitle "EXT 2018"]
[Source "ChessBase"]
[SourceDate "2017.10.13"]
[SourceVersion "1"]
[SourceVersionDate "2017.10.13"]
[SourceQuality "1"]
[WhiteTeam "Pankow Rotation"]
[BlackTeam "Hamburger SK II"]
[WhiteTeamCountry "GER"]
[BlackTeamCountry "GER"]

1. d4 d5 2. Nf3 Nf6 3. e3 c6 4. Bd3 Bg4 5. b3 Nbd7 6. Bb2 Ne4 7. 0-0 e6 8. Nbd2 Nxd2 9. Qxd2 Bxf3 10. gxf3 Qh4 11. Kh1 Qh3 12. Qe2 Bd6 13. f4 g5 14. f3 gxf4 15. e4 0-0-0 16. e5 Be7 17. Bc1 Bb4 18. Bb2 Rhg8 19. c3 Ba5 20. b4 Bc7 21. Rf2 f6 22. c4 fxe5 23. b5 c5 24. cxd5 exd5 25. dxe5 c4 26. e6 Nc5 27. e7 Rde8 28. Bxc4 dxc4 29. Qxc4 b6 30. Bd4 Qe6 31. Qc3 Rxe7 32. Bxc5 bxc5 33. Qxc5 Kb8 34. Qb4 Qe3 35. Raf1 Rg6 36. a4 Bd6 37. Qa5 Rc7 38. Rd2 Qb6 0-1

[Event "Rilton Cup 46th"]
[Site "Stockholm"]
[Date "2017.01.03"]
[Round "7"]
[White "Balcerak, Philipp"]
[Black "Sagit, Rauan"]
[Result "0-1"]
[WhiteElo "2372"]
[BlackElo "2417"]
[PlyCount "78"]
[EventDate "2016.12.27"]
[EventType "swiss"]
[EventRounds "9"]
[EventCountry "SWE"]
[SourceTitle "CBM 176 Extra"]
[Source "ChessBase"]
[SourceDate "2017.03.02"]
[SourceVersion "1"]
[SourceVersionDate "2017.03.02"]
[SourceQuality "1"]

1. e4 c5 2. Nf3 d6 3. d4 cxd4 4. Nxd4 Nf6 5. Nc3 a6 6. Be3 e5 7. Nb3 Be6 8. f4 exf4 9. Bxf4 Nc6 10. Qe2 Ne5 11. h3 Be7 12. 0-0-0 Qc7 13. g4 0-0 14. Kb1 Rfe8 15. g5 Nfd7 16. Qh2 b5 17. h4 Nb6 18. h5 Bf8 19. Nd5 Nxd5 20. exd5 Bg4 21. Rc1 Rac8 22. g6 fxg6 23. hxg6 h6 24. Rg1 Qd7 25. Nd4 Rc5 26. Qf2 Rxd5 27. Bg2 Rc5 28. b4 Rcc8 29. Bd5+ Kh8 30. Qg3 Bh5 31. Qh2 Bxg6 32. Rcf1 Bh7 33. Qh5 Qc7 34. Rg2 Qc3 35. Bxe5 Rxe5 36. Qf7 Re1+ 37. Rxe1 Qxe1+ 38. Kb2 Qc3+ 39. Kb1 Qxd4 0-1

[Event "Rilton Cup 46th"]
[Site "Stockholm"]
[Date "2016.12.30"]
[Round "4"]
[White "Emmoth, Alfons"]
[Black "Balcerak, Philipp"]
[Result "0-1"]
[WhiteElo "2041"]
[BlackElo "2372"]
[PlyCount "82"]
[EventDate "2016.12.27"]
[EventType "swiss"]
[EventRounds "9"]
[EventCountry "SWE"]
[SourceTitle "CBM 176 Extra"]
[Source "ChessBase"]
[SourceDate "2017.03.02"]
[SourceVersion "1"]
[SourceVersionDate "2017.03.02"]
[SourceQuality "1"]

1. d4 Nf6 2. c4 c6 3. Nc3 d5 4. e3 a6 5. Nf3 b5 6. b3 Bg4 7. Be2 e6 8. h3 Bxf3 9. Bxf3 Nbd7 10. 0-0 Be7 11. e4 Bb4 12. Qc2 Bxc3 13. Qxc3 dxe4 14. Be2 0-0 15. Rd1 Qe7 16. a4 b4 17. Qg3 Ne8 18. Bb2 f5 19. Bc1 c5 20. Bg5 Qf7 21. Bf4 cxd4 22. Rxd4 Nc5 23. Rb1 Rc8 24. Qe3 h6 25. h4 Qf6 26. g3 e5 27. Bxe5 Qxe5 28. Rd5 Qc3 29. Qxc3 bxc3 30. b4 Nd3 31. Bxd3 exd3 32. Rc1 Rxc4 33. Rxd3 Rxb4 34. Rcxc3 Rxa4 35. Rc6 f4 36. Kg2 fxg3 37. fxg3 Ra2+ 38. Kh3 Nf6 39. Rdd6 a5 40. Ra6 Ne4 41. Rd4 Nf2+ 0-1

[Event "Rilton Cup 46th"]
[Site "Stockholm"]
[Date "2016.12.29"]
[Round "3"]
[White "Balcerak, Philipp"]
[Black "Nielsen, Hogni Egilstoft"]
[Result "0-1"]
[WhiteElo "2372"]
[BlackElo "2262"]
[PlyCount "122"]
[EventDate "2016.12.27"]
[EventType "swiss"]
[EventRounds "9"]
[EventCountry "SWE"]
[SourceTitle "CBM 176 Extra"]
[Source "ChessBase"]
[SourceDate "2017.03.02"]
[SourceVersion "1"]
[SourceVersionDate "2017.03.02"]
[SourceQuality "1"]

1. e4 e5 2. Nf3 Nc6 3. Bb5 a6 4. Ba4 Nf6 5. 0-0 Be7 6. Re1 b5 7. Bb3 0-0 8. a4 b4 9. d4 d6 10. dxe5 dxe5 11. Nbd2 Bg4 12. c3 bxc3 13. bxc3 Na5 14. Bc2 Nd7 15. h3 Be6 16. Qe2 f6 17. Rd1 Qe8 18. Nh2 Nb6 19. Nhf1 Qc6 20. Qf3 Rfd8 21. Ng3 Rd7 22. Nf5 Bf8 23. Nf1 Rad8 24. Rxd7 Rxd7 25. Ba3 Bxa3 26. Rxa3 Nbc4 27. Ra1 g6 28. N5g3 Kg7 29. Rd1 Rxd1 30. Qxd1 Nd6 31. Qd3 Bc4 32. Qe3 Bb3 33. Bxb3 Nxb3 34. Qa7 Qb7 35. Qe3 Qc6 36. Qa7 a5 37. Ne3 Qb7 38. Qxb7 Nxb7 39. Nd5 N7c5 40. Nxc7 Nxa4 41. Nb5 Nd2 42. f3 Nc4 43. Ne2 Kf7 44. Nc7 Nab6 45. Nc1 Ke7 46. Nd3 Kd6 47. Ne8+ Ke7 48. Nc7 Kd7 49. Na6 Na4 50. Nac5+ Nxc5 51. Nxc5+ Kc6 52. Nd3 Kb5 53. Kf2 Ka4 54. Nc5+ Ka3 55. Ke2 Nb6 56. Kd3 Kb2 57. c4 a4 58. Na6 a3 59. Nb4 Na4 60. c5 Nxc5+ 61. Kc4 Na6 0-1

[Event "BL2-Nord 1516"]
[Site "Germany"]
[Date "2016.03.14"]
[Round "8.2"]
[White "Malek, Daniel"]
[Black "Balcerak, Philipp"]
[Result "1-0"]
[WhiteElo "2424"]
[BlackElo "2375"]
[PlyCount "131"]
[EventDate "2015.09.19"]
[EventType "team-tourn"]
[EventRounds "9"]
[EventCountry "GER"]
[SourceTitle "EXT 2017"]
[Source "ChessBase"]
[SourceDate "2016.10.25"]
[SourceVersion "1"]
[SourceVersionDate "2016.10.25"]
[SourceQuality "1"]
[WhiteTeam "Zehlendorf"]
[BlackTeam "Hamburger SK II"]
[WhiteTeamCountry "GER"]
[BlackTeamCountry "GER"]

1. d4 d5 2. c4 c6 3. Nf3 Nf6 4. e3 Bg4 5. h3 Bxf3 6. Qxf3 e6 7. Bd3 Nbd7 8. 0-0 Be7 9. Nc3 0-0 10. Rd1 Re8 11. b3 Bb4 12. Bb2 Qa5 13. Rdc1 Ba3 14. Bxa3 Qxa3 15. Rab1 Qe7 16. cxd5 Nxd5 17. Nxd5 exd5 18. b4 a6 19. a4 Nf6 20. b5 cxb5 21. axb5 a5 22. b6 Rec8 23. Qf5 Qd8 24. Rc5 a4 25. Rbc1 Rxc5 26. dxc5 a3 27. Qe5 a2 28. Ra1 Nd7 29. Qxd5 Nxc5 30. Rxa2 Nxd3 31. Rxa8 Qxa8 32. Qxd3 Qa1+ 33. Kh2 Qe5+ 34. f4 Qe7 35. Qd4 g6 36. e4 h5 37. Kg3 Qa3+ 38. Kh2 Qe7 39. e5 Qe6 40. Kg3 Qc6 41. Qf2 Kg7 42. Kh4 Qe4 43. Qf3 Qb4 44. Qe3 Qe7+ 45. Kg3 Qe6 46. Qd4 Qb3+ 47. Kh4 Qe6 48. Qd8 Qf5 49. Qg5 Qe6 50. Qd8 Qf5 51. g3 Qe6 52. Qd6 Qc4 53. Qf6+ Kh7 54. Kg5 Qd5 55. Qd6 Qe4 56. Kf6 h4 57. gxh4 Qxf4+ 58. Ke7 Kg8 59. Ke8 Qa4+ 60. Qd7 Qa8+ 61. Qd8 Qa2 62. Ke7+ Kh7 63. Qd6 Kg7 64. Kd7 Qc4 65. Kd8 Qxh4+ 66. Qf6+ 1-0

[Event "BL2-Nord 1516"]
[Site "Germany"]
[Date "2015.12.13"]
[Round "4.2"]
[White "Jahncke, Giso"]
[Black "Balcerak, Philipp"]
[Result "0-1"]
[WhiteElo "2292"]
[BlackElo "2367"]
[PlyCount "113"]
[EventDate "2015.09.19"]
[EventType "team-tourn"]
[EventRounds "9"]
[EventCountry "GER"]
[SourceTitle "EXT 2017"]
[Source "ChessBase"]
[SourceDate "2016.10.25"]
[SourceVersion "1"]
[SourceVersionDate "2016.10.25"]
[SourceQuality "1"]
[WhiteTeam "Preetz"]
[BlackTeam "Hamburger SK II"]
[WhiteTeamCountry "GER"]
[BlackTeamCountry "GER"]

1. Nf3 Nf6 2. c4 c6 3. d4 d5 4. e3 Bg4 5. Nc3 e6 6. h3 Bxf3 7. Qxf3 Nbd7 8. Bd3 Be7 9. 0-0 0-0 10. Rd1 Qb6 11. b3 Rfe8 12. Bb2 Rad8 13. Qg3 Nh5 14. Qh2 dxc4 15. Bxc4 Qa5 16. Ne4 Nhf6 17. Nd6 Bxd6 18. Qxd6 Nb6 19. Qa3 Nxc4 20. bxc4 Qf5 21. f3 Nh5 22. e4 Qg6 23. Qe3 f5 24. Re1 a6 25. a4 Qg3 26. Qf2 Qxf2+ 27. Kxf2 c5 28. Rad1 cxd4 29. exf5 e5 30. g3 Rc8 31. f4 Rxc4 32. Re2 Rxa4 33. fxe5 g6 34. f6 Ra2 35. Rxd4 Nxf6 36. Rb4 Nd7 37. Rxb7 Nc5 38. Rb6 a5 39. Bd4 Nd3+ 40. Ke3 Rxe2+ 41. Kxe2 Nxe5 42. Bxe5 Rxe5+ 43. Kf3 Kf7 44. Ra6 h5 45. h4 Rb5 46. Kf2 Rb2+ 47. Kf3 Rb3+ 48. Kf2 Ra3 49. Kg2 a4 50. Kf2 Kg7 51. Kg2 Ra1 52. Kf2 a3 53. Kg2 Ra2+ 54. Kg1 Kf7 55. Kf1 Ke7 56. Rxg6 Rb2 57. Ra6 0-1

[Event "SUI-chT"]
[Site "Switzerland"]
[Date "2015.05.31"]
[Round "4.7"]
[White "Hauser, Roland"]
[Black "Balcerak, Philipp"]
[Result "1-0"]
[WhiteElo "2100"]
[BlackElo "2334"]
[PlyCount "81"]
[EventDate "2015.03.29"]
[EventType "team-tourn"]
[EventRounds "9"]
[EventCountry "SUI"]
[SourceTitle "EXT 2016"]
[Source "ChessBase"]
[SourceDate "2015.10.08"]
[SourceVersion "1"]
[SourceVersionDate "2015.10.08"]
[SourceQuality "1"]
[WhiteTeam "Neuchatel"]
[BlackTeam "Winterthur"]
[WhiteTeamCountry "SUI"]
[BlackTeamCountry "SUI"]

1. d4 d5 2. Bg5 c6 3. e3 Qb6 4. Qc1 Bf5 5. Nf3 Nf6 6. Bxf6 gxf6 7. Nbd2 Na6 8. a3 c5 9. dxc5 Nxc5 10. Nd4 Bd7 11. b4 Ne6 12. N2b3 Nxd4 13. exd4 Bb5 14. Bd3 Rc8 15. Qe3 Qc6 16. 0-0 b6 17. Rfe1 a6 18. a4 Bc4 19. Bf5 e6 20. b5 Qd7 21. bxa6 Bb4 22. Reb1 Bxa6 23. Bd3 Bxd3 24. cxd3 0-0 25. Nc1 Qd6 26. Ne2 Rc2 27. Ng3 Bd2 28. Qf3 f5 29. Nh5 Rfc8 30. g4 Qd8 31. gxf5 Qg5+ 32. Kh1 exf5 33. Ng3 f4 34. Rg1 Kh8 35. Nh5 Rc1 36. Raxc1 Rxc1 37. Rxc1 Bxc1 38. Qe2 f6 39. Qe8+ Qg8 40. Qe7 Qg6 41. Qf8+ 1-0

[Event "BL2-Nord 1415"]
[Site "Germany"]
[Date "2015.02.22"]
[Round "7.1"]
[White "Balcerak, Philipp"]
[Black "Kalinitschew, Sergey"]
[Result "0-1"]
[WhiteElo "2366"]
[BlackElo "2409"]
[PlyCount "57"]
[EventDate "2014.09.21"]
[EventType "team-tourn"]
[EventRounds "9"]
[EventCountry "GER"]
[SourceTitle "CBM 166 Extra"]
[Source "ChessBase"]
[SourceDate "2015.06.18"]
[SourceVersion "1"]
[SourceVersionDate "2015.06.18"]
[SourceQuality "1"]
[WhiteTeam "Hamburger SK II"]
[BlackTeam "Berlin Kreuzberg"]
[WhiteTeamCountry "GER"]
[BlackTeamCountry "GER"]

1. e4 g6 2. d4 Bg7 3. Nc3 d6 4. f4 a6 5. Nf3 b5 6. Bd3 Nd7 7. e5 c5 8. Be4 Rb8 9. dxc5 Nxc5 10. Bd5 Nh6 11. Be3 0-0 12. Ng5 Na4 13. Nxa4 bxa4 14. 0-0 e6 15. Bc6 Nf5 16. Ba7 Rxb2 17. Bxa4 Qc7 18. Bd4 Nxd4 19. Qxd4 dxe5 20. Qxb2 exf4 21. Qb4 Bxa1 22. Rxa1 Qe5 23. Rf1 Qxg5 24. Bc6 Qe5 25. Rxf4 Qe3+ 26. Rf2 Qc1+ 27. Rf1 Qxc2 28. Ba4 Qxa2 29. Bb3 0-1

[Event "BL2-Nord 1314"]
[Site "Germany"]
[Date "2013.12.15"]
[Round "4.4"]
[White "Christ, Ralf"]
[Black "Balcerak, Philipp"]
[Result "1/2-1/2"]
[WhiteElo "2273"]
[BlackElo "2347"]
[PlyCount "33"]
[EventDate "2013.10.13"]
[EventType "team-tourn"]
[EventRounds "9"]
[EventCountry "GER"]
[SourceTitle "EXT 2015"]
[Source "ChessBase"]
[SourceDate "2014.11.20"]
[SourceVersion "1"]
[SourceVersionDate "2014.11.20"]
[SourceQuality "1"]
[WhiteTeam "Luebeck"]
[BlackTeam "Hamburger SK II"]
[WhiteTeamCountry "GER"]
[BlackTeamCountry "GER"]

1. Nf3 Nf6 2. c4 c6 3. d4 d5 4. e3 Bg4 5. Nbd2 e6 6. Bd3 Nbd7 7. Qc2 Be7 8. 0-0 Bh5 9. b3 a5 10. Bb2 Bg6 11. e4 dxe4 12. Nxe4 Nxe4 13. Bxe4 0-0 14. Rfd1 Bxe4 15. Qxe4 Nf6 16. Qc2 a4 17. Ne5 1/2-1/2

[Event "BL2-Nord 1314"]
[Site "Germany"]
[Date "2013.10.13"]
[Round "1.4"]
[White "Brodowski, Piotr"]
[Black "Balcerak, Philipp"]
[Result "0-1"]
[WhiteElo "2429"]
[BlackElo "2347"]
[PlyCount "80"]
[EventDate "2013.10.13"]
[EventType "team-tourn"]
[EventRounds "9"]
[EventCountry "GER"]
[SourceTitle "EXT 2015"]
[Source "ChessBase"]
[SourceDate "2014.11.20"]
[SourceVersion "1"]
[SourceVersionDate "2014.11.20"]
[SourceQuality "1"]
[WhiteTeam "Zehlendorf"]
[BlackTeam "Hamburger SK II"]
[WhiteTeamCountry "GER"]
[BlackTeamCountry "GER"]

1. c4 Nf6 2. g3 c6 3. Bg2 d5 4. Qc2 g6 5. b3 Bg7 6. Bb2 0-0 7. Nf3 a5 8. 0-0 Na6 9. a3 Qb6 10. d3 Bg4 11. Ne5 Be6 12. Nd2 Rfd8 13. Rac1 Bh6 14. e3 Ng4 15. Bd4 c5 16. Nxg4 Bxg4 17. Ba1 d4 18. exd4 cxd4 19. Rfe1 Nc5 20. Rxe7 Be6 21. Re1 Kf8 22. R1xe6 Nxe6 23. Rxb7 Qa6 24. Rb5 Rab8 25. a4 Rxb5 26. axb5 Qd6 27. h4 Bxd2 28. Qxd2 Qb4 29. Qa2 Nc5 30. Bb2 Qe1+ 31. Kh2 Nxd3 32. Ba3+ Kg8 33. f3 Nb4 34. Qb2 Nd3 35. Qa2 Ne5 36. Be7 Re8 37. Bg5 d3 38. b6 Nc6 39. Qb2 Re2 40. Qf6 Qf2 0-1

[Event "BL2-Nord 1213"]
[Site "Germany"]
[Date "2012.11.25"]
[Round "3.3"]
[White "Balcerak, Philipp"]
[Black "Kalinitschew, Sergey"]
[Result "1-0"]
[WhiteElo "2331"]
[BlackElo "2469"]
[PlyCount "69"]
[EventDate "2012.10.14"]
[EventType "team-tourn"]
[EventRounds "9"]
[EventCountry "GER"]
[SourceTitle "CBM 154 Extra"]
[Source "ChessBase"]
[SourceDate "2013.06.25"]
[SourceVersion "2"]
[SourceVersionDate "2013.06.25"]
[SourceQuality "1"]
[WhiteTeam "Hamburger SK II"]
[BlackTeam "Berlin Kreuzberg"]
[WhiteTeamCountry "GER"]
[BlackTeamCountry "GER"]

1. e4 c5 2. Nf3 Nc6 3. d4 cxd4 4. Nxd4 g6 5. c4 Bg7 6. Be3 d6 7. Nc3 Nf6 8. Be2 0-0 9. 0-0 Nd7 10. Rc1 Nc5 11. f3 Nxd4 12. Bxd4 Bxd4+ 13. Qxd4 a5 14. Rfd1 f6 15. f4 Ra6 16. e5 Bd7 17. exd6 exd6 18. Nb5 Qe8 19. Bf3 Bxb5 20. cxb5 Ra8 21. Qxd6 Qe3+ 22. Kh1 Rac8 23. Rc3 Qf2 24. Bd5+ Kh8 25. b6 a4 26. h3 Kg7 27. Rdc1 Kh6 28. Rxc5 Rfd8 29. Qe7 Re8 30. Qd6 Rxc5 31. Rxc5 Re1+ 32. Kh2 Qg1+ 33. Kg3 Re3+ 34. Bf3 Re8 35. Rh5+ 1-0

[Event "BL2-Nord 1213"]
[Site "Germany"]
[Date "2012.11.11"]
[Round "2.4"]
[White "Balcerak, Philipp"]
[Black "Freitag, Roland"]
[Result "1-0"]
[WhiteElo "2331"]
[BlackElo "2256"]
[PlyCount "69"]
[EventDate "2012.10.14"]
[EventType "team-tourn"]
[EventRounds "9"]
[EventCountry "GER"]
[SourceTitle "CBM 154 Extra"]
[Source "ChessBase"]
[SourceDate "2013.06.25"]
[SourceVersion "2"]
[SourceVersionDate "2013.06.25"]
[SourceQuality "1"]
[WhiteTeam "Hamburger SK II"]
[BlackTeam "Pinneberg"]
[WhiteTeamCountry "GER"]
[BlackTeamCountry "GER"]

1. e4 a6 2. d4 b5 3. f4 Bb7 4. Bd3 e6 5. Nf3 c5 6. c3 Nf6 7. Qe2 Qb6 8. a4 cxd4 9. Nxd4 b4 10. a5 Qc7 11. e5 Nd5 12. c4 Ne7 13. Be3 Nec6 14. Nb3 d6 15. Bb6 Qc8 16. exd6 Bxd6 17. 0-0 Nd7 18. c5 Be7 19. N1d2 0-0 20. Nc4 g6 21. Rac1 Qe8 22. Be4 Nxb6 23. axb6 Rd8 24. Ne5 Bf6 25. Rfd1 Bxe5 26. fxe5 Qe7 27. Rd6 Rc8 28. Rcd1 Qg5 29. Rd7 Qxe5 30. Rxb7 Na5 31. Nxa5 Qxc5+ 32. Qf2 Qxa5 33. Rbd7 Qe5 34. b7 Rb8 35. Qd4 1-0

[Event "BL2-Nord 1011"]
[Site "Germany"]
[Date "2010.11.14"]
[Round "3.5"]
[White "Balcerak, Philipp"]
[Black "Krause, Ullrich"]
[Result "1/2-1/2"]
[WhiteElo "2297"]
[BlackElo "2308"]
[PlyCount "55"]
[EventDate "2010.10.10"]
[EventType "team-tourn"]
[EventRounds "9"]
[EventCountry "GER"]
[SourceTitle "EXT 2012"]
[Source "ChessBase"]
[SourceDate "2011.11.24"]
[SourceVersion "1"]
[SourceVersionDate "2011.11.24"]
[SourceQuality "1"]
[WhiteTeam "Hamburger SK II"]
[BlackTeam "Luebeck"]
[WhiteTeamCountry "GER"]
[BlackTeamCountry "GER"]

1. e4 e6 2. d4 d5 3. Nc3 Bb4 4. e5 c5 5. a3 Bxc3+ 6. bxc3 Nc6 7. Nf3 Qa5 8. Bd2 Qa4 9. dxc5 f6 10. exf6 Nxf6 11. Bd3 0-0 12. Qe2 e5 13. Bb5 Qxc2 14. 0-0 Bg4 15. Bd3 Bxf3 16. gxf3 Qa4 17. Bb5 Qh4 18. Bxc6 bxc6 19. Qxe5 Rae8 20. Qg3 Qc4 21. Bh6 Nh5 22. Qg4 Qxc3 23. Be3 Nf6 24. Qg3 Qd3 25. Rab1 Nh5 26. Qg4 Nf6 27. Qg3 Nh5 28. Qg4 1/2-1/2

[Event "BL2-Nord 1011"]
[Site "Germany"]
[Date "2010.10.10"]
[Round "1.6"]
[White "Balcerak, Philipp"]
[Black "Jaster, Robert"]
[Result "1-0"]
[WhiteElo "2297"]
[BlackElo "2335"]
[PlyCount "73"]
[EventDate "2010.10.10"]
[EventType "team-tourn"]
[EventRounds "9"]
[EventCountry "GER"]
[SourceTitle "EXT 2012"]
[Source "ChessBase"]
[SourceDate "2011.11.24"]
[SourceVersion "1"]
[SourceVersionDate "2011.11.24"]
[SourceQuality "1"]
[WhiteTeam "Hamburger SK II"]
[BlackTeam "Rostock SSC 07"]
[WhiteTeamCountry "GER"]
[BlackTeamCountry "GER"]

1. e4 c6 2. d4 d5 3. Nc3 dxe4 4. Nxe4 Nd7 5. Ng5 e6 6. Bd3 Ngf6 7. N1f3 Bd6 8. Qe2 h6 9. Ne4 Nxe4 10. Qxe4 Qc7 11. 0-0 b6 12. Qg4 g5 13. Qh3 Rg8 14. Re1 g4 15. Qxh6 gxf3 16. Rxe6+ fxe6 17. Qxe6+ Be7 18. Qxg8+ Nf8 19. Bc4 Qd6 20. Qf7+ Kd8 21. Qxf3 Ng6 22. c3 Bd7 23. Bf7 Kc7 24. Qe4 Be8 25. Be6 Kb7 26. Bd2 Nf8 27. Bf5 Bh5 28. Bf4 Qf6 29. Be5 Qf7 30. b4 Bg6 31. b5 Qe8 32. bxc6+ Ka6 33. a4 Ka5 34. Qd5+ Bc5 35. dxc5 Rd8 36. Bd7 Bf7 37. Qd3 1-0

[Event "BL2-Nord 0910"]
[Site "Germany"]
[Date "2009.11.28"]
[Round "5.4"]
[White "Balcerak, Philipp"]
[Black "Degtiarev, Evgeny"]
[Result "0-1"]
[WhiteElo "2312"]
[BlackElo "2374"]
[PlyCount "42"]
[EventDate "2009.10.18"]
[EventType "team-tourn"]
[EventRounds "9"]
[EventCountry "GER"]
[SourceTitle "EXT 2011"]
[Source "ChessBase"]
[SourceDate "2010.11.26"]
[SourceVersion "1"]
[SourceVersionDate "2010.11.26"]
[SourceQuality "1"]
[WhiteTeam "Hamburger SK"]
[BlackTeam "Schachfreunde"]
[WhiteTeamCountry "GER"]
[BlackTeamCountry "GER"]

1. e4 d5 2. exd5 Qxd5 3. Nc3 Qd6 4. d4 Nf6 5. Bc4 a6 6. Nge2 b5 7. Bf4 Qd8 8. Bb3 Bb7 9. 0-0 e6 10. d5 exd5 11. Nd4 Bb4 12. Re1+ Kf8 13. Nf5 h6 14. Qd3 g6 15. Bxh6+ Rxh6 16. Nxh6 c5 17. Qh3 c4 18. Nf5 Ng8 19. Qh7 gxf5 20. Re3 Bd6 21. Rae1 Nd7 0-1

[Event "BL2-Nord 0809"]
[Site "Germany"]
[Date "2009.03.15"]
[Round "8.4"]
[White "Balcerak, Philipp"]
[Black "Knuth, Hannes"]
[Result "1/2-1/2"]
[WhiteElo "2305"]
[BlackElo "2260"]
[PlyCount "65"]
[EventDate "2008.10.05"]
[EventType "team-tourn"]
[EventRounds "9"]
[EventCountry "GER"]
[SourceTitle "CBM 129 Extra"]
[Source "ChessBase"]
[SourceDate "2009.05.05"]
[SourceVersion "2"]
[SourceVersionDate "2009.05.20"]
[SourceQuality "1"]
[WhiteTeam "Hamburger SK II"]
[BlackTeam "Neukloster"]
[WhiteTeamCountry "GER"]
[BlackTeamCountry "GER"]

1. e4 c5 2. Nf3 Nc6 3. d4 cxd4 4. Nxd4 Nf6 5. Nc3 e6 6. Ndb5 Bb4 7. Bf4 0-0 8. Bd6 Bxd6 9. Nxd6 Qc7 10. Be2 a6 11. Qd2 b5 12. 0-0 Bb7 13. Rad1 Na5 14. e5 Nd5 15. Nxb7 Nxc3 16. Nxa5 Nxe2+ 17. Qxe2 Qxa5 18. a3 Ra7 19. Rd6 b4 20. Ra1 f6 21. Qe1 Qc5 22. Qxb4 Qxc2 23. exf6 Rc7 24. Rd2 Qc1+ 25. Rd1 Qc2 26. f3 Rxf6 27. Rd2 Qc6 28. Rd6 Qb5 29. Qxb5 axb5 30. Rad1 Rf7 31. Rb6 Rf5 32. Rbd6 Rf7 33. Rb6 1/2-1/2

[Event "BL2-Nord 0809"]
[Site "Germany"]
[Date "2009.02.01"]
[Round "6.3"]
[White "Kreuzholz, Michael"]
[Black "Balcerak, Philipp"]
[Result "1/2-1/2"]
[WhiteElo "2345"]
[BlackElo "2305"]
[PlyCount "74"]
[EventDate "2008.10.05"]
[EventType "team-tourn"]
[EventRounds "9"]
[EventCountry "GER"]
[SourceTitle "CBM 129 Extra"]
[Source "ChessBase"]
[SourceDate "2009.05.05"]
[SourceVersion "2"]
[SourceVersionDate "2009.05.20"]
[SourceQuality "1"]
[WhiteTeam "Luebeck II"]
[BlackTeam "Hamburger SK II"]
[WhiteTeamCountry "GER"]
[BlackTeamCountry "GER"]

1. e4 c5 2. Nf3 d6 3. d4 cxd4 4. Nxd4 Nf6 5. Nc3 a6 6. Bg5 e6 7. f4 Qb6 8. Qd2 Qxb2 9. Rb1 Qa3 10. e5 dxe5 11. fxe5 Nfd7 12. Ne4 h6 13. Bh4 Qxa2 14. Rd1 Qd5 15. Qe3 Qxe5 16. Be2 Bc5 17. Bg3 Bxd4 18. Rxd4 Qa5+ 19. Rd2 0-0 20. Bd6 Rd8 21. Qg3 Qf5 22. Be5 Qg6 23. Qh4 Nc6 24. Bh5 Qf5 25. Bxg7 Nc5 26. Nxc5 Kxg7 27. Rf1 Qe5+ 28. Ne4 Qa1+ 29. Rd1 Rxd1+ 30. Bxd1 Qd4 31. Qg3+ Kf8 32. Qf4 f5 33. Qxh6+ Ke7 34. Rf4 Qg1+ 35. Kd2 Qd4+ 36. Ke1 Qg1+ 37. Kd2 Qd4+ 1/2-1/2

[Event "BL2-Nord 0708"]
[Site "Germany"]
[Date "2008.03.09"]
[Round "7.6"]
[White "Muse, Drazen"]
[Black "Balcerak, Philipp"]
[Result "1/2-1/2"]
[WhiteElo "2373"]
[BlackElo "2276"]
[PlyCount "36"]
[EventDate "2007.10.21"]
[EventType "team-tourn"]
[EventRounds "9"]
[EventCountry "GER"]
[SourceTitle "EXT 2009"]
[Source "ChessBase"]
[SourceDate "2008.11.26"]
[SourceVersion "1"]
[SourceVersionDate "2008.11.26"]
[SourceQuality "1"]
[WhiteTeam "Koenig Tegel"]
[BlackTeam "Hamburger SK  II"]
[WhiteTeamCountry "GER"]
[BlackTeamCountry "GER"]

1. d4 d5 2. c4 c6 3. Nf3 Nf6 4. Nbd2 Bf5 5. g3 e6 6. Bg2 h6 7. 0-0 Nbd7 8. b3 Be7 9. Bb2 0-0 10. Re1 Ne4 11. Nxe4 Bxe4 12. Nd2 Bxg2 13. Kxg2 Nf6 14. e4 Nxe4 15. Nxe4 dxe4 16. Rxe4 Bf6 17. Qh5 Qc7 18. Rd1 c5 1/2-1/2

[Event "BL2-Nord 0708"]
[Site "Germany"]
[Date "2007.12.09"]
[Round "4.5"]
[White "Dyballa, Markus"]
[Black "Balcerak, Philipp"]
[Result "0-1"]
[WhiteElo "2324"]
[BlackElo "2276"]
[PlyCount "64"]
[EventDate "2007.10.21"]
[EventType "team-tourn"]
[EventRounds "9"]
[EventCountry "GER"]
[SourceTitle "EXT 2009"]
[Source "ChessBase"]
[SourceDate "2008.11.26"]
[SourceVersion "1"]
[SourceVersionDate "2008.11.26"]
[SourceQuality "1"]
[WhiteTeam "Kreuzberg  II"]
[BlackTeam "Hamburger SK  II"]
[WhiteTeamCountry "GER"]
[BlackTeamCountry "GER"]

1. d4 d5 2. Nf3 Nf6 3. g3 c6 4. Bg2 Bf5 5. 0-0 e6 6. b3 h6 7. c4 Be7 8. Bb2 0-0 9. Nbd2 a5 10. a3 Bh7 11. Ne5 Nbd7 12. Nxd7 Qxd7 13. c5 Qc7 14. Rc1 Nd7 15. f4 b6 16. cxb6 Qxb6 17. Kh1 c5 18. e4 dxe4 19. Nxe4 Rad8 20. dxc5 Nxc5 21. Qg4 Bg6 22. Nxc5 Bxc5 23. Rc4 Qxb3 24. Rxc5 Qxb2 25. Rxa5 Rd3 26. a4 Bf5 27. Qh4 Rd2 28. Ra8 Rxa8 29. Bxa8 Qd4 30. Bg2 Be4 31. Bf3 Bxf3+ 32. Rxf3 Qa1+ 0-1

[Event "Bundesliga 0506"]
[Site "Germany"]
[Date "2005.12.10"]
[Round "5.8"]
[White "Balcerak, Philipp"]
[Black "Rudolf, Henrik"]
[Result "1/2-1/2"]
[WhiteElo "2231"]
[BlackElo "2346"]
[PlyCount "51"]
[EventDate "2005.10.21"]
[EventType "team-tourn"]
[EventRounds "15"]
[EventCountry "GER"]
[SourceTitle "CBM 111"]
[Source "ChessBase"]
[SourceDate "2006.04.04"]
[SourceVersion "1"]
[SourceVersionDate "2006.04.04"]
[SourceQuality "1"]
[WhiteTeam "Koeln Porz"]
[BlackTeam "Neukoelln"]
[WhiteTeamCountry "GER"]
[BlackTeamCountry "GER"]

1. e4 c5 2. Nf3 e6 3. d4 cxd4 4. Nxd4 Nc6 5. Nc3 Qc7 6. Be2 Nf6 7. 0-0 a6 8. Kh1 Nxd4 9. Qxd4 Bc5 10. Qd3 b5 11. f4 h5 12. Bf3 Bb7 13. e5 Ng4 14. Bxb7 Qxb7 15. Ne4 Rc8 16. a4 b4 17. c4 bxc3 18. bxc3 0-0 19. Qf3 Qb3 20. h3 Nh6 21. Qxh5 Be7 22. Be3 Qc2 23. Qf3 Rc4 24. Bd4 Nf5 25. Ng3 Nxd4 26. cxd4 1/2-1/2